000 00280nam a2200109 4500
999 _c196904
_d196904
008 230808b ||||| |||| 00| 0 eng d
022 _a0972-0634
245 _aJournal of Health Management
260 _aNew Delhi
_bSage
_c2023
300 _avol.25
_c29cm
942 _2ddc
_cSR
_mHEA
_s1